Welcome to CU Library Online Public Access Catalogue (OPAC)

Soil science and management / (Record no. 7791)

MARC details
000 -LEADER
fixed length control field 00890pam a2200265 a 4500
001 - CONTROL NUMBER
control field 1999247
005 - DATE AND TIME OF LATEST TRANSACTION
control field 20251014143336.0
008 - FIXED-LENGTH DATA ELEMENTS--GENERAL INFORMATION
fixed length control field 900821s1992 nyuab 001 0 eng
020 ## - INTERNATIONAL STANDARD BOOK NUMBER
International Standard Book Number 0827340508
020 ## - INTERNATIONAL STANDARD BOOK NUMBER
International Standard Book Number 9780827340503
050 00 - LIBRARY OF CONGRESS CALL NUMBER
Classification number S591
Item number .P513 1992
082 00 - DEWEY DECIMAL CLASSIFICATION NUMBER
Classification number 631.4
Edition information 20
100 1# - MAIN ENTRY--PERSONAL NAME
Personal name Plaster, Edward J.
245 10 - TITLE STATEMENT
Title Soil science and management /
Statement of responsibility, etc. Edward J. Plaster ; consulting editor for agriculture, H. Edward Reiley.
250 ## - EDITION STATEMENT
Edition statement 2nd ed.
260 ## - PUBLICATION, DISTRIBUTION, ETC.
Place of publication, distribution, etc. Albany, N.Y. :
Name of publisher, distributor, etc. Delmar Publishers,
Date of publication, distribution, etc. c1992.
300 ## - PHYSICAL DESCRIPTION
Extent xii, 514 p. :
Other physical details ill., maps ;
Dimensions 24 cm.
500 ## - GENERAL NOTE
General note Cover title: Soil science & management.
500 ## - GENERAL NOTE
General note Includes index.
650 #0 - SUBJECT ADDED ENTRY--TOPICAL TERM
Topical term or geographic name entry element Soil science.
650 #0 - SUBJECT ADDED ENTRY--TOPICAL TERM
Topical term or geographic name entry element Soil management.
700 1# - ADDED ENTRY--PERSONAL NAME
Personal name Reiley, H. Edward.
856 42 - ELECTRONIC LOCATION AND ACCESS
Materials specified Contributor biographical information
Uniform Resource Identifier <a href="http://www.loc.gov/catdir/enhancements/fy1513/90046969-b.html">http://www.loc.gov/catdir/enhancements/fy1513/90046969-b.html</a>
942 ## - ADDED ENTRY ELEMENTS (KOHA)
Source of classification or shelving scheme Library of Congress Classification
Koha item type Books
Suppress in OPAC No
999 ## -
-- 7791
-- 7791
Holdings
Withdrawn status Lost status Source of classification or shelving scheme Damaged status Not for loan Collection Home library Current library Shelving location Date acquired Total checkouts Full call number Barcode Date last seen Copy number Price effective from Koha item type
    Library of Congress Classification     Non-fiction Undergraduate Library (Christ Temple) Undergraduate Library (Christ Temple) General stacks 10/14/2025   S 591 PLA ulct00005138 10/14/2025 1 10/14/2025 Books
© 2023-2024 Copyright: Central University Libraries. All Rights Reserved | Created by: Mahone Tech Office